Pohledávky vzory smluv a podání

Na minha lista:
Detalhes bibliográficos
Autor principal: Bařinová, Dagmar
Outros Autores: Vozňáková, Iveta
Formato: Livro
Idioma:tcheco
Publicado em: Praha GRADA Publishing 2003
Edição:2. aktual. vyd.
Colecção:Finance
Assuntos:
Tags: Adicionar Tag
Sem tags, seja o primeiro a adicionar uma tag!

MARC

LEADER 00000nam$a2200000$$$4500
001 0048001
005 20240315114630.1
020 |a 80-247-0581-8 
041 0 |a cze 
044 |a CZ 
245 1 0 |a Pohledávky  |b vzory smluv a podání  |c Dagmar Bařinová, Iveta Vozňáková 
250 |a 2. aktual. vyd. 
264 1 |a Praha  |b GRADA Publishing  |c 2003 
300 |a 128 s. 
490 1 |a Finance 
830 0 |a Finance 
610 2 0 |a pohľadávky 
610 2 0 |a vzory 
610 2 0 |a zmluvy 
610 2 0 |a odpisy 
100 1 |a Bařinová, Dagmar 
700 1 |a Vozňáková, Iveta